Top 10 best french footballers oat - Statistiques

Statistiques générales
  • Ce quiz a été pris 157 fois
  • Le résultat moyen est 7 sur 10
Statistiques - réponses
Carreer TOP 10 Réponse % Correct
1989-2006 1 Zinédine Zidane
99%
2015-... 4 Kyllian Mbappé
95%
1994-2004 2 Thierry Henry
88%
1970-1987 3 Michel Platini
87%
2009-... 10 Antoine Griezmann
83%
2005-... 5 Karim Benzema
77%
1983-2001 9 Didier Deschamps
66%
1950-1962 6 Just Fontaine
62%
1985-1998 7 Jean Pierre Papin
52%
1981-1997 8 Eric Cantona
35%
Aucun quiz correspondant
Distribution des résultats
% des personnes avec chaque résultat
Percentile par nombre de réponses
Votre historique - résultats
Vous n’avez pas pris ce quiz